000 00315nam a22001457a 4500
003 OSt
005 20160727222357.0
008 160622b xxu||||| |||| 00| 0 eng d
040 _cTEST
100 _9579
_aTEST
245 _aThe te of Piglet
260 _aN.Y
_bDutton
_c1992
300 _aThe te of Piglet
942 _cBK
999 _c481
_d481